03073njm a2200517Ia 450000100060000000300090000600500170001500800410003204000130007304000130008610000110009910000180011010000380012824500210016625000110018726000110019826000750020930000100028430000290029450000660032350502820038951100450067165000550071670000630077170000780083470000640091270000860097670000760106270001010113870000820123970000660132170001140138770000850150170000720158670000860165870000900174470000730183470000980190770000830200570000840208870000700217270000870224270000660232970000820239570000780247724270IT-RoPAU20220918181156.0131025s9999 xx 000 0 und d aIT-RoPAU cIT-RoPAU aAA.VV. eAutore musica gCodice autore musica SPICS: 12000 aItalia romantica a1a ed. aITALIA bEMI - LA VOCE DEL PADRONEc1966 [1a Ed.:1966 - Ed. Lingua Orig.: 1966] aDISCO c29 minuti (Testo: pag.) aArrangiamento di brani di musica leggera e popolare italiana. aTornerai (3:00) - Grazie dei fiori (3:00) - Anema e core (3:00) - Addormentarmi così (3:00) - Fiorin fiorello (2:00) - Ciribiribin (2:00) - Arrivederci Roma (3:00) - Come sinfonia (3:00) - 'O sole mio (3:00) - Chitarra romana (3:00) - Concerto d'autunno (3:00) - Piove (3:00) aFranck Pourcel e la sua Grande Orchestra aARRANGIAMENTO [DISCHI]eCodice MATERIA SPICS: 9950 aPourcel FranckgCodice interprete SPICS: 11079eInterprete aOlivieri DinogCodice autore musica SPICS: 13481eAutore musicapTornerai aRastelli NinogCodice autore SPICS: 13482eAutorepTornerai aPanzeri MariogCodice autore musica SPICS: 13372eAutore musicapGrazie dei fiori aTestoni GiancarlogCodice autore SPICS: 13524eAutorepGrazie dei fiori aSeracini SaveriogCodice autore testo/musica SPICS: 13607eAutore testo/musicapGrazie dei fiori aD'Esposito S.gCodice autore musica SPICS: 14017eAutore musicapAnema e core aManlio TitogCodice autore SPICS: 13497eAutorepAnema e core aMascheroni VittoriogCodice autore musica SPICS: 13134eAutore musicapAddormentarmi così - Fiorin fiorello aBiri (Ferrari Ornella)gCodice autore SPICS: 13608eAutorepAddormentarmi così aMendes PeppinogCodice autore SPICS: 13135eAutorepFiorin fiorello aPestalozza AlbertogCodice autore musica SPICS: 13387eAutore musicapCiribiribin aGiovannini SandrogCodice autore musica SPICS: 13634eAutore musicapArrivederci Roma aGarinei PietrogCodice autore SPICS: 13576eAutorepArrivederci Roma aRascel RenatogCodice autore testo/musica SPICS: 13602eAutore testo/musicapArrivederci Roma aDonaggio PinogCodice autore musica SPICS: 13658eAutore musicapCome sinfonia aCapurro GiovannigCodice autore musica SPICS: 13137eAutore musicap'O sole mio aDi Capua EdoardogCodice autore SPICS: 13138eAutorep'O sole mio aDi Lazzaro EldogCodice autore musica SPICS: 13500eAutore musicapChitarra romana aBruno C.gCodice autore SPICS: 13502eAutorepChitarra romana aBargonigCodice autore musica SPICS: 15602eAutore musicapConcerto d'autunno aModugno DomenicogCodice autore musica SPICS: 12142eAutore musicapPiove